| 000 | 00349 a2200145 4500 | ||
|---|---|---|---|
| 001 | 169689 | ||
| 020 | _a | ||
| 040 | _cMagnum | ||
| 100 | _aMonteiro, Graziela Lydia | ||
| 240 | 1 | 0 |
_aO circo viramundo e o palhaco estouro _lpor |
| 245 | 1 | 0 | _aO circo viramundo e o palhaco estouro |
| 362 | 0 | _a1899 | |
| 697 | _aIJ/AVENTURA, CRIANCAS | ||
| 942 | _cBK | ||
| 999 |
_c169689 _d169689 |
||